Psicología de la personalidad /

Guardado en:
Autor Principal: Allport, Gordon W.
Formato: Libro
Publicado: Buenos Aires : Paidós, 1965
Edición:2a. ed.
Materias:
Etiquetas: Agregar Etiqueta
Sin Etiquetas, Sea el primero en etiquetar este registro!
LEADER 00663nam a22002175a 4500
001 CEM.cems000457
005 20060210000000.0
008 130507s1965##################000#0#####d
003 CEMS
082 0 4 |a 137 
100 1 |a Allport, Gordon W. 
245 1 0 |a Psicología de la personalidad / 
250 |a 2a. ed. 
260 |a Buenos Aires :  |b Paidós,  |c 1965 
300 |a 576 p. 
505 0 |a Principios neuroticos; Caracteristicas de la personalidad neurotica; Homosexualidad. 
653 |a Personalidad 
653 |a Personalidad-desarrollo 
653 |a Personalidad-psicologia 
653 |a Psicologia 
859 |a CEMS  |b BIB. CEMS - 11 de abril  |h 137  |i AL57-1a2  |p 2040.68  |t Ej.1